The 18 Challenges of leadership : a practical, structured way to develop your leadership talent.
| Main Author: | |
|---|---|
| Other Authors: | |
| Format: | Book |
| Published: |
[London]:
Pearson Education Ltd.,
2004.
|
| Subjects: |
| LEADER | 00545cam a2200169 7i4500 | ||
|---|---|---|---|
| 001 | 0000014656 | ||
| 005 | 20041022090000.0 | ||
| 020 | 0 | 0 | |a 0-273-68810-3 |
| 090 | 0 | 0 | |a B 658.4092 |b WAL |
| 100 | 1 | 0 | |a Waldock |
| 245 | 1 | 7 | |a The 18 Challenges of leadership : |b a practical, structured way to develop your leadership talent. |
| 260 | 0 | 0 | |a [London]: |b Pearson Education Ltd., |c 2004. |
| 300 | # | # | |a 364 p. |
| 650 | 0 | 0 | |a Leadership |
| 650 | 0 | 0 | |a Executives -- |x Training of |
| 700 | 1 | 1 | |a Kelly-Rawat, |h Shenaz |
| 999 | |a B000016363 |b Book |c Book |e Business Information Centre | ||


